01046 a2200193 4500003000500000005001700005010001600022020002700038040000900065082001700074100002100091245005500112250001200167260005500179300004600234505053100280650000600811650003500817Nust20220815142405.0 a 97003024 a013835166X (hardcover) cNust00a621.3815,FLO1 aFloyd, Thomas L.00aElectric circuits fundamentals /cThomas L. Floyd. a4th ed. aUpper Saddle River, N.J. :bPrentice Hall,cc1998. axix, 651 p. :bill. (some col.) ;c29 cm. aComponents Quantities and unit (Page-2), Voltage current And Resistance in the Electric Circuits (Page-17), OHMs Law Energy and Power (Page- 57), Series Circuits (Page-136), Series Parallel Circuits (Page-180), Magnetism and Electromagnetism (Page- 233), Introduction to alternating Current and Voltage (Page-264), Capacitors (Page -313), Inductors (Page-365),Transformer (Page-400), Rc Circuits (Page-440), Rl Circuits (Page- 492), RLC Circuits and Resonance (Page-531), Pulse Responses of Reactive Circuits (Page-584). 0a. 0aTelecommunication Engineering.